00410nam a22001457a 4500003000900000005001700009008004100026040001300067100002000080245004300100260002600143300002000169490005000189500002500239IT-RoPau20220918181220.0140519b xxu||||| |||| 00| 0 eng d cIT-RoPau aRicci, M. Lucia aOur rule of lifeb1. Stages of Journey aRomabC.S.C.M. c1998 a38 pp.c20,5 cm aPDDM - Our rule of lifev1. Stages of Journey a1. Stages of Journey